000 01018nam a2200181Ia 4500
008 151202s9999||||xx |||||||||||||| ||und||
082 _bPNVM-68813
100 _aकोच रिचर्ड / अनु. भुर्के श्याम.
245 _aद स्टार प्रिन्सिपल ( ते तुम्हाला श्रीमंत बनविणार ).
260 _b"मेहता पब्लिशिंग हाऊस, पुणे."
260 _c68813
300 _a186
600 _aकोच रिचर्ड / अनु. भुर्के श्याम.
630 _aद स्टार प्रिन्सिपल ( ते तुम्हाला श्रीमंत बनविणार ).
700 _aकोच रिचर्ड / अनु. भुर्के श्याम.
730 _aद स्टार प्रिन्सिपल ( ते तुम्हाला श्रीमंत बनविणार ).
942 _cBOOK
999 _c1335323
_d1335320